01048nas a2200277Ia 4500001002800000003001000028008004100038040002500079041001300104100002400117210001800141222001800159245008300177250001100260260000900271501012300280300001400403362002600417500004100443650002800484700001100512942000700523957000600530999003300536952020100569A50/R024-28177 [r000021409]IT-MiCISF161014c99999999xx |||||||||||| ||und|| aIT-MiCISFcIT-MiCISF aITALIANO aParlamento italiano aFamiglia oggi aFamiglia oggi 0aSostenere diritti e opportunità, legge n. 285 per l'infanzia e l'adolescenza a1a ed. c1999 bCISF - Centro Internazionale Studi Famiglia - Via Giotto, 36 20145 MILANO (non commercial uses only)cCopyright 2016 app. 62-67 an. 2, febbraio [1999] a Tema: società, politica-giovanile asocietàvlegislazione aAA.VV. cCR 71 a28177bSig1c233203d233203 0010406A_50_000000000000000_R02428177_R00002140971aCISFbCISFd2016-10-14l0oA50/R024-28177 [r000021409]r2016-10-14 00:00:00w2016-10-14yCRzData import 15.10.2016 / by Epidotti, Vaglietti